000 00735nam a2200205 a 4500
001 000015998
005 20240530073918.0
008 100223s2008 dr a 000 f spa d
040 _aDO-SdBNP
_bspa
_cBNPHU
082 _aRD863.44
_bS162d
100 1 _aSaldívar de los Santos, René Antonio
_935940
245 1 0 _aDon Mon & Doña Mónica /
_cRené Antonio Saldívar de los Santos.
260 _aLa Vega, República Dominicana :
_bImpresos Andy,
_c2008.
300 _a243 p. :
_bil. ;
_c21 cm.
590 _aLa biblioteca posee 3 ejemplares autografiados por el autor
590 _aInventariado, 2020 /MAA
650 0 _aNovela dominicana
_9223
650 0 _aLiteratura dominicana.
_967
910 _aValidado. Control de calidad MMOLINA
999 _c15540
_d15540